| 000 | 00852nam a2200181Ia 4500 | ||
|---|---|---|---|
| 008 | 151202s9999||||xx |||||||||||||| ||und|| | ||
| 082 | _bPNVM-1582 | ||
| 100 | _aराजवाडे वि. का. | ||
| 245 | _a"मराठ्यांच्या इतिहासाची साधने, भाग 3 रा, इ.स. 1700-1760." | ||
| 260 | _b"तुकाराम जावजी , मुंबई." | ||
| 260 | _c0 | ||
| 300 | _a0 | ||
| 600 | _aराजवाडे वि. का. | ||
| 630 | _a"मराठ्यांच्या इतिहासाची साधने, भाग 3 रा, इ.स. 1700-1760." | ||
| 700 | _aराजवाडे वि. का. | ||
| 730 | _a"मराठ्यांच्या इतिहासाची साधने, भाग 3 रा, इ.स. 1700-1760." | ||
| 942 | _cBOOK | ||
| 999 |
_c1267580 _d1267577 |
||